Vývoj miery rizika monetárnej chudoby v regiónoch Slovenska

Výberové zisťovanie o príjmoch a životných podmienkach domácností EU SILC je zdrojovou základňou pre porovnávanie distribúcie príjmov a sociálnej inklúzie na úrovni EÚ. Výpočet hraníc rizika chudoby ako 60% mediánu ekvivalentného disponibilného príjmu domácnosti v SR, ale aj v jednotlivých regiónoch...

Full description

Saved in:
Bibliographic Details
Main Author: Stankovičová, Iveta
Other Authors: Vlačuha, Róbert
Format: Book Chapter
Language:Slovak
Subjects:
Tags: Add Tag
No Tags, Be the first to tag this record!

MARC

LEADER 00000naa a2200000 4500
001 0195279
005 20220715094052.8
041 0 |a slo 
044 |a SK 
245 1 0 |a Vývoj miery rizika monetárnej chudoby v regiónoch Slovenska  |c Iveta Stankovičová, Róbert Vlačuha 
520 |a Výberové zisťovanie o príjmoch a životných podmienkach domácností EU SILC je zdrojovou základňou pre porovnávanie distribúcie príjmov a sociálnej inklúzie na úrovni EÚ. Výpočet hraníc rizika chudoby ako 60% mediánu ekvivalentného disponibilného príjmu domácnosti v SR, ale aj v jednotlivých regiónoch SR (v 8 krajoch podľa NUTS 3). Analýza vývoja miery rizika chudoby v regiónoch SR vypočítanej na základe národnej a regionálnej hranice chudoby. 
610 2 0 |a zisťovanie štatistické 
610 2 0 |a Slovensko 
610 2 0 |a chudoba 
610 2 0 |a úroveň životná 
100 1 |a Stankovičová, Iveta 
700 1 |a Vlačuha, Róbert